Statystyki dla Zdjęcia satelitarne - zbiorniki wodne #1

Kliknij tutaj aby rozwiązać quiz!

Ogólne statystyki

  • Ten quiz został rozwiązany 33 razy
  • Średni wynik to 8 z 16

Statystyki odpowiedzi

Odpowiedź% Poprawnych
Morze Kaspijskie
93%
Morze Bałtyckie
89%
Morze Karaibskie
82%
Morze Adriatyckie
79%
La Manche/Kanał Angielski
71%
Morze Arabskie
68%
Zatoka Kalifornijska
68%
Zatoka Perska
68%
Morze Południowochińskie
57%
Zatoka Hudsona
32%
Maracaibo
21%
Cieśnina Magellana
14%
Erie
7%
Winnipeg
7%
Chesapeake
0%
Puget Sound/Whulge
0%

Rozkład punktacji

Percentyl według liczby udzielonych odpowiedzi

Procent ludzi z każdym wynikiem

Twoja historia wyników

Nie rozwiązałeś tego quizu